Nielen o hudbe

Bibliographic Details
Main Author: Zeljenka, Ilja, 1932-2007 (Author)
Format: Article
Language:Slovak
PhysicalDescription:Obr. 1.
Subjects:

MARC

LEADER 00000nab a2200000 a 4500
001 vtls000008149
003 SK-MaSNL
005 20260304074210.0
008 250422c1978 xo 0 slo
015 |a SNBRB19rr/mm-uuuuu 
035 |a CL0018242 
035 |a urn:nbn:sk:snk-ab1tw6 
035 |a (urnnbn)urn:nbn:sk:snk:ar-a00ybc 
035 |a (uuid)e6153e48-fd7a-4223-a2b9-39f06c3141ea 
040 |a SNKBUCL  |b slo  |c SNKBUCL  |e AACR2 
041 0 |a slo 
044 |a xo  |c SK 
080 |a 78  |2 1981 
080 |a 92 Zeljenka, Ilja  |2 1981 
100 1 |a Zeljenka, Ilja,  |d 1932-2007  |4 aut  |9 18972 
245 1 0 |a Nielen o hudbe  |c Ilja Zeljenka 
300 |b Obr. 1. 
600 1 7 |a Zeljenka, Ilja,  |d 1932-2007  |2 snkbucl  |9 18972 
655 7 |a články z novín a časopisov  |2 snkbucl  |9 267496 
773 0 |t Hudobný život  |g Roč. 10, č. 16 (28. 8. 1978), s. 4 
850 |a Slovenská národná knižnica 
852 |a Slovenská národná knižnica 
954 |a odborná, vedecká literatúra pôvodná (slovenská)  |2 lita 
958 |a article27 
958 |a OND 
958 |a RK 
958 |a EUIPO 
992 |a RBX 
999 |c 2775113  |d 2777043